Statistics for Princess Diana Quiz

Click here to take the quiz!

General Stats

  • This quiz has been taken 463 times
  • The average score is 12 of 21

Answer Stats

HintAnswer% Correct
Ex-husbandPrince Charles
94%
ChildrenPrince Harry
92%
ChildrenPrince William
92%
City she died inParis
87%
Birth surnameSpencer
87%
Title while marriedHRH Princess of {Wales}
85%
Title after divorce{Diana}, Princess of Wales
84%
I'd like to be a ____ of people's heartsqueen
67%
Title while marriedDuchess of C{ornwall}
61%
Song played by Elton John
at her funeral
Candle in the Wind
57%
Boyfriend at deathDodi al-Fayed
56%
She needed no royal _____ to
continue to generate her
particular brand of magic
title
54%
Star signCancer
45%
Campaigner for International
Campaign to Ban _________
Landmines
44%
Mother's first nameFrances
38%
Father's first nameJohn
34%
Most famous
other lover
Major {James Hewitt}
32%
The very essence of...beauty
27%
The very essence of...style
15%
The very essence of...compassion
12%
The very essence of...duty
11%

Score Distribution

Percentile by Number Answered

Percent of People with Each Score

Your Score History

You have not taken this quiz